000 00246nam a2200109Ia 4500
008 230320s9999||||xx |||||||||||||| ||spa||
082 _a891.42/G73
100 _aGorki, Maximo
245 0 _aDias De Infancia
260 _bBRUGUERA
942 _80
_cLIB
999 _c30647
_d30647